A History of Analysis /

Libro que describe el desarrollo conceptual del análisis desde la antigüedad hasta finales del siglo XIX. Contenido: Antigüedad; Precursores de la diferenciación y la integración; El método de Newton y cálculo de Leibniz; Análisis algebraico en el siglo XVIII; Fundamentos del análisis en el siglo XI...

Celý popis

Uloženo v:
Podrobná bibliografie
Hlavní autor: Jahnke, Hans Niels (ed.)
Médium: Kniha
Jazyk:angličtina
Vydáno: Providence, EUA : Londres, Inglaterra : American Mathematical Society ; London Mathematical Society, 2003, c2003
Edice:(History of Mathematics ; 24)
Témata:
Tagy: Přidat tag
Žádné tagy, Buďte první, kdo vytvoří štítek k tomuto záznamu!

MARC

LEADER 00000nam^a2200000^a^4500
001 000154179
005 20250521000000.0
009 20260310100344.039
020 |a 0-8218-2623-9 
037 |a Acervo ITESO - Biblioteca 
041 |a ING 
082 |a 515.  |b JAH 
100 |a Jahnke, Hans Niels  |e (ed.) 
245 1 2 |a A History of Analysis /  |c Ed. de H.N. Jahnke. 
264 4 |a Providence, EUA :  |b American Mathematical Society ;  |a Londres, Inglaterra :  |b London Mathematical Society,  |c 2003, c2003 
300 |a IX, 422 p. 
336 |a texto  |b txt  |2 rdacontenido 
337 |a sin mediación  |b n  |2 rdamedio 
338 |a volumen  |b nc  |2 rdasoporte 
440 1 |a (History of Mathematics ;  |v 24) 
520 |a Libro que describe el desarrollo conceptual del análisis desde la antigüedad hasta finales del siglo XIX. Contenido: Antigüedad; Precursores de la diferenciación y la integración; El método de Newton y cálculo de Leibniz; Análisis algebraico en el siglo XVIII; Fundamentos del análisis en el siglo XIX; Análisis y física en el siglo XIX: el caso de problemas con valores en la frontera; Teoría de funciones complejas (1780-1900); Teoría de medida e integración desde Riemann hasta Lebesgue; El fin de la ciencia de la cantidad: fundamentos de análisis (1860-1910); Ecuaciones diferenciales: repaso histórico hasta 1900; El cálculo de variaciones: los descubrimientos históricos; El origen del análisis funcional. 
649 |a XX 
650 |a Matemáticos 
650 |a Análisis Matemático -  |x Historia 
650 |a Matemáticas -  |x Historia 
910 |a Fondo General 
920 |a Impresos - Libros 
930 |a Colección General 
905 |a 101 
901 |a 0500085800  |b IT1  |c ACC  |u 20250521 
902 |a https://opac.biblio.iteso.mx/vufind/Record/000154179